100 rokov elektrifikácie Košíc 1896-1996

Bibliographic Details
Main Author: Novotný, Ján st (Author)
Format: Book
Language:Slovak
PhysicalDescription:88 s. Fotogr., tab. 21 cm
Published: Košice Východoslovenské energetické závody [1996]
ISBN:8023201603
Subjects:

MARC

LEADER 00000nam a2200000 a 4500
001 vtls001223401
003 SK-MaSNL
005 20260301234208.0
008 251023s1996 xo ad r 0yy slo
015 |a SNBA1997/0401168 
020 |a 8023201603 
035 |a SNK000169470 
035 |a urn:nbn:sk:snk-amkfls 
035 |a urn:nbn:sk:snk-am008foq 
035 |a A01C9A4A-4F6B-48F5-B4BA-FA20087EFD87 
040 |a SNK  |b slo  |c SNK  |e AACR2 
041 0 |a slo 
044 |a xo  |c SK 
080 |a 621.31(437.671-21)(091)"1896/1996"  |2 1981 
100 1 |a Novotný, Ján  |c st.  |4 aut  |9 28635 
245 1 0 |a 100 rokov elektrifikácie Košíc 1896-1996  |c [autor: Ján Novotný, st.] 
246 1 3 |a Sto rokov elektrifikácie Košíc 1896-1996 
260 |a Košice  |b Východoslovenské energetické závody  |c [1996] 
300 |a 88 s.  |b Fotogr., tab.  |c 21 cm 
500 |a Údaj o aut. prevzatý z obálky 
500 |a 1000 výt. Nepredajné 
504 |a Bibliogr. s. 67-68. Res. angl., franc., maď., nem. 
648 7 |a 1896-1996  |2 SNK  |9 286313 
650 0 7 |a elektrifikácia  |2 SNKPH  |9 31448 
650 0 7 |a dejiny  |2 SNKPH  |9 3825 
651 7 |a Košice (Slovensko)  |2 SNKPHgeo  |9 18694 
655 7 |a príručky  |2 SNK  |9 74364 
919 |a 80-232-0160-3 
958 |a OND 
958 |a TL 
958 |a NB 
999 |c 969205  |d 971135 
952 |t P60, <09>, [BOOK], {629}  |a SNK  |b SNK  |y NEVYP  |7 0  |o snkC 3216  |i snk4215/961129  |0 0  |1 0  |4 0  |d 1996-11-26  |l 0  |r 2005-01-01 00:00:00  |w 2026-02-24 
952 |t P60, <03>, [BOOK], {603}  |a SNK  |b SNK  |y PREZ  |7 0  |p 17A0033372  |o snkSC 92084  |i snkKSP 621/97  |0 0  |1 0  |4 0  |d 1997-01-24  |f 1  |l 0  |r 2025-09-10 00:00:00  |w 2026-02-24 
952 |t P60, <04>, [BOOK], {604}  |a SNK  |b SNK  |y VYP  |7 0  |p 17A0033373  |o snkSC 92084 D1  |i snkKSP 622/97  |0 0  |1 0  |4 0  |d 1997-01-24  |l 0  |r 2005-01-01 00:00:00  |w 2026-02-24